|
|
|
|
| LEADER |
00654nam a2200253 4500 |
| 001 |
DLU040029585 |
| 005 |
##11/2/1998 |
| 041 |
# |
# |
|a eng
|
| 082 |
# |
# |
|a 712
|b LA-H
|
| 100 |
# |
# |
|a Landphair, Harlow C.
|
| 245 |
# |
# |
|a Landscape architecture construction /
|c Harlow C. Landphair, Fred Klatt, Jr.
|
| 260 |
# |
# |
|a New York :
|b Elsevier,
|c 1979
|
| 300 |
# |
# |
|a 432 p. :
|b ill. ;
|c 29 cm
|
| 504 |
# |
# |
|a Bibliography: p. 405-407
|
| 700 |
# |
# |
|a Klatt, Fred,
|e joint author
|
| 992 |
# |
# |
|a 13000
|
| 994 |
# |
# |
|a DLU
|
| 900 |
# |
# |
|a True
|
| 911 |
# |
# |
|a Thái Thị Thanh Thủy
|
| 925 |
# |
# |
|a G
|
| 926 |
# |
# |
|a A
|
| 927 |
# |
# |
|a SH
|
| 980 |
# |
# |
|a Thư viện Trường Đại học Đà Lạt
|